LEADER 00851cam0-2200301---450- 001 990004891630403321 005 20160606094200.0 035 $a000489163 035 $aFED01000489163 035 $a(Aleph)000489163FED01 035 $a000489163 100 $a19990604g19609999km-y0itay50------ba 101 1 $aita 102 $aIT 105 $ay-------001yy 200 1 $a<>sociologia delle comunicazioni$fAlfred McClung Lee 210 $aTorino$cTaylor$d1960 215 $a253 p.$d21 cm 610 0 $aOpinione pubblica$aInchieste sociologiche 676 $a301.152 700 1$aLee,$bAlfred McClung$f<1906- >$0128979 801 0$aIT$bUNINA$gRICA$2UNIMARC 901 $aBK 912 $a990004891630403321 952 $a301.152 LEE 1$bBibl. 49865$fFLFBC 959 $aFLFBC 996 $aSociologia delle comunicazioni$9520570 997 $aUNINA LEADER 00688nam a2200205 a 4500 001 991002137939707536 008 070214s1989 it 001 0 ita 035 $ab13481563-39ule_inst 040 $aDip.to di Studi Storici$bita 245 10$aCittą 260 $aCatanzaro:$bIMES,$c1989 300 $a286 p. ;$c22 cm 440 0$aMeridiana ;$v5 500 $aCorrisponde a: Meridiana, n. 5 (gen. 1989). 907 $a.b13481563$b02-04-14$c14-02-07 912 $a991002137939707536 945 $aLE023 Per. 900 MER $g1$lle023$o-$pE0.00$q-$rn$so $t0$u0$v0$w0$x0$y.i14368651$z14-02-07 996 $aCittą$9156490 997 $aUNISALENTO 998 $ale023$b09-04-10$cm$da $e-$fita$git $h0$i0